Zoe: (Record no. 12631)

000 -LEADER
fixed length control field 00954nam a2200229 a 4500
001 - CONTROL NUMBER
control field :::00010440$&:&@@
003 - CONTROL NUMBER IDENTIFIER
control field OkBaRHE
005 - DATE AND TIME OF LATEST TRANSACTION
control field 20110923110731.0
008 - FIXED-LENGTH DATA ELEMENTS--GENERAL INFORMATION
fixed length control field s1981 g 000 0 eng u
020 ## - INTERNATIONAL STANDARD BOOK NUMBER
International Standard Book Number 0892764023
040 ## - CATALOGING SOURCE
Transcribing agency
100 1# - MAIN ENTRY--PERSONAL NAME
Personal name Hagin, Kenneth E., 1917-2003
245 10 - TITLE STATEMENT
Title Zoe:
Remainder of title the God-kind of life.
260 ## - PUBLICATION, DISTRIBUTION, ETC. (IMPRINT)
Place of publication, distribution, etc Tulsa, OK., :
Name of publisher, distributor, etc RHEMA Bible Church
Date of publication, distribution, etc c1981
300 ## - PHYSICAL DESCRIPTION
Extent 63 p. ;
Dimensions 22 cm.
650 ## - SUBJECT ADDED ENTRY--TOPICAL TERM
Topical term or geographic name as entry element Christian Life
942 ## - ADDED ENTRY ELEMENTS (KOHA)
Source of classification or shelving scheme
Koha item type Books
Copies
Copy number Permanent Location Withdrawn status Date checked out Date acquired Current Location Damaged status Total Checkouts Not for loan Shelving location Price effective from Source of classification or shelving scheme Full call number Barcode Collection code Koha item type Date last seen Lost status
1RHEMA Bible Training College  2010-04-14    General Stacks2010-04-14 BV 4501 .H3Z610440 Books2010-04-14 
2RHEMA Bible Training College 2011-11-292010-04-14RHEMA Bible Training College 1 General Stacks2010-04-14 BV 4501 .H3Z614838 Books2011-12-06 
3RHEMA Bible Training College 2012-01-182011-04-19RHEMA Bible Training College 2 General Stacks2011-04-19 BV 4501 .H3Z621717 Books2012-01-19 
4RHEMA Bible Training College 2011-11-292011-04-19RHEMA Bible Training College 1 General Stacks2011-04-19 BV 4501 .H3Z614012ReferenceBooks2011-11-29